[Event "Stay Safe Play From Home 186"]
[Site "T#646431Emanuel Laske"]
[Date "2020.05.29"]
[Round "6"]
[White "Haris kollari 13"]
[Black "Archi-ak"]
[Result "0-1"]
[WhiteElo "1894"]
[BlackElo "1864"]
[Annotator "NA RC"]
[PlyCount "102"]
[EventDate "2020.05.29"]
[EventType "swiss (blitz)"]

1. e4 {[%emt 0:00:01]} c5 {[%emt 0:00:02]} 2. Nf3 {[%emt 0:00:01]} d6 {[%emt 0:00:01]} 3. d4 {[%emt 0:00:00]} cxd4 {[%emt 0:00:00]} 4. Nxd4 {[%emt 0:00:00]} Nf6 {[%emt 0:00:00]} 5. Nc3 {[%emt 0:00:01]} a6 {[%emt 0:00:01]} 6. f4 {[%emt 0:00:01]} e6 {[%emt 0:00:01]} 7. Be3 {[%emt 0:00:05]} Be7 {[%emt 0:00:01]} 8. Qf3 {[%emt 0:00:01]} Nbd7 {[%emt 0:00:01]} 9. Bd3 {[%emt 0:00:01]} Qc7 {[%emt 0:00:01]} 10. Nb3 {[%emt 0:00:02]} b5 {[%emt 0:00:01]} 11. g4 {[%emt 0:00:01]} Nc5 {[%emt 0:00:06]} 12. g5 {[%emt 0:00:02]} Nfd7 {[%emt 0:00:02]} 13. h4 {[%emt 0:00:03]} Bb7 {[%emt 0:00:02]} 14. h5 {[%emt 0:00:06]} b4 {[%emt 0:00:05]} 15. Ne2 {[%emt 0:00:02]} a5 {[%emt 0:00:09]} 16. Ng3 {[%emt 0:00:02]} Na4 {[%emt 0:00:13]} 17. O-O-O {[%emt 0:00:05]} Nxb2 {[%emt 0:00:12]} 18. Kxb2 {[%emt 0:00:05]} Qc3+ {[%emt 0:00:02]} 19. Kb1 {[%emt 0:00:01]} a4 {[%emt 0:00:01]} 20. Bd4 {[%emt 0:00:01]} Qc7 {[%emt 0:00:11]} 21. Nd2 {[%emt 0:00:01]} e5 {[%emt 0:00:15]} 22. fxe5 {[%emt 0:00:06]} dxe5 {[%emt 0:00:01]} 23. Ba1 {[%emt 0:00:03]} Nc5 {[%emt 0:00:20]} 24. Rhf1 {[%emt 0:00:12]} O-O {[%emt 0:00:02]} 25. Nf5 {[%emt 0:00:08]} Bxg5 {[%emt 0:00:03]} 26. Nc4 {[%emt 0:00:07]} b3 {[%emt 0:00:07]} 27. Qg4 {[%emt 0:00:29]} bxc2+ {[%emt 0:00:10]} 28. Bxc2 {[%emt 0:00:03]} f6 {[%emt 0:00:10]} 29. h6 {[%emt 0:00:13]} g6 {[%emt 0:00:03]} 30. Nfd6 {[%emt 0:00:10]} Ba6 {[%emt 0:00:06]} 31. Rd5 {[%emt 0:00:09]} Rab8+ {[%emt 0:00:02]} 32. Bb2 {[%emt 0:00:04]} Bxc4 {[%emt 0:00:08]} 33. Nxc4 {[%emt 0:00:04]} Bxh6 {[%emt 0:00:14]} 34. Na3 {[%emt 0:00:05]} Bg7 {[%emt 0:00:01]} 35. Rfd1 {[%emt 0:00:04]} Rfd8 {[%emt 0:00:01]} 36. Ka1 {[%emt 0:00:02]} Rxd5 {[%emt 0:00:01]} 37. Rxd5 {[%emt 0:00:01]} Rd8 {[%emt 0:00:00]} 38. Qd1 {[%emt 0:00:03]} Rxd5 {[%emt 0:00:01]} 39. exd5 {[%emt 0:00:01]} Qd6 {[%emt 0:00:01]} 40. Bc3 {[%emt 0:00:03]} Bf8 {[%emt 0:00:00]} 41. Bb4 {[%emt 0:00:01]} f5 {[%emt 0:00:00]} 42. Qd2 {[%emt 0:00:03]} Kg7 {[%emt 0:00:00]} 43. Bb1 {[%emt 0:00:01]} Qc7 {[%emt 0:00:00]} 44. Bc3 {[%emt 0:00:01]} Bd6 {[%emt 0:00:00]} 45. Bb2 {[%emt 0:00:01]} Qe7 {[%emt 0:00:00]} 46. Qb4 {[%emt 0:00:01]} Qf6 {[%emt 0:00:00]} 47. Qb6 {[%emt 0:00:01]} Ne4 {[%emt 0:00:00]} 48. Qb7+ {[%emt 0:00:02]} Kh6 {[%emt 0:00:00]} 49. Qc6 {[%emt 0:00:01]} f4 {[%emt 0:00:01]} 50. Nc4 {[%emt 0:00:01]} g5 {[%emt 0:00:00]} 51. Nxd6 {[%emt 0:00:01]} Qg6 {[%emt 0:00:00] . Time (Lag: Av=0.76s, max=1.3s)} 0-1

[Event "Stay Safe Play From Home 186"]
[Site "T#646431Emanuel Laske"]
[Date "2020.05.29"]
[Round "6"]
[White "Chase the sun"]
[Black "oligodervz41"]
[Result "1-0"]
[WhiteElo "1715"]
[BlackElo "1483"]
[Annotator "NA RC"]
[PlyCount "73"]
[EventDate "2020.05.29"]
[EventType "swiss (blitz)"]

1. e4 {[%emt 0:00:01]} c5 {[%emt 0:00:02]} 2. Nc3 {[%emt 0:00:01]} e6 {[%emt 0:00:02]} 3. g3 {[%emt 0:00:01]} Nc6 {[%emt 0:00:01]} 4. Bg2 {[%emt 0:00:01]} d5 {[%emt 0:00:01]} 5. exd5 {[%emt 0:00:02]} exd5 {[%emt 0:00:01]} 6. Nxd5 {[%emt 0:00:01]} Be6 {[%emt 0:00:04]} 7. Nf4 {[%emt 0:00:07]} Nf6 {[%emt 0:00:08]} 8. Nxe6 {[%emt 0:00:02]} fxe6 {[%emt 0:00:01]} 9. d3 {[%emt 0:00:01]} Be7 {[%emt 0:00:01]} 10. Nf3 {[%emt 0:00:02]} O-O {[%emt 0:00:00]} 11. O-O {[%emt 0:00:01]} Nd4 {[%emt 0:00:04]} 12. Nxd4 {[%emt 0:00:02]} cxd4 {[%emt 0:00:02]} 13. Qe2 {[%emt 0:00:02]} Qd6 {[%emt 0:00:03]} 14. Bxb7 {[%emt 0:00:03]} Rab8 {[%emt 0:00:03]} 15. Bg2 {[%emt 0:00:01]} Nd7 {[%emt 0:00:06]} 16. b3 {[%emt 0:00:06] oligodervz41 reconnected.} e5 {[%emt 0:00:02]} 17. a4 {[%emt 0:00:02] oligodervz41 reconnected.} Kh8 {[%emt 0:00:03]} 18. Ba3 {[%emt 0:00:02]} Qe6 {[%emt 0:00:04]} 19. Bxe7 {[%emt 0:00:02]} Qxe7 {[%emt 0:00:01]} 20. Rae1 {[%emt 0:00:00]} Rbe8 {[%emt 0:00:06]} 21. f4 {[%emt 0:00:01] oligodervz41 reconnected.} Rf7 {[%emt 0:00:02]} 22. fxe5 {[%emt 0:00:04]} Qxe5 {[%emt 0:00:01] oligodervz41 reconnected.} 23. Qxe5 {[%emt 0:00:36] oligodervz41 reconnected.} Rxf1+ {[%emt 0:00:05]} 24. Rxf1 {[%emt 0:00:10]} Nxe5 {[%emt 0:00:04]} 25. Be4 {[%emt 0:00:07]} Ng4 {[%emt 0:00:03]} 26. Rf7 {[%emt 0:00:06]} Ne3 {[%emt 0:00:04]} 27. Rxa7 {[%emt 0:00:01]} Nxc2 {[%emt 0:00:01]} 28. a5 {[%emt 0:00:01]} Na1 {[%emt 0:00:10]} 29. b4 {[%emt 0:00:02]} Nb3 {[%emt 0:00:01]} 30. b5 {[%emt 0:00:01]} Nc5 {[%emt 0:00:03]} 31. b6 {[%emt 0:00:02]} Nxe4 {[%emt 0:00:02]} 32. dxe4 {[%emt 0:00:00]} d3 {[%emt 0:00:06]} 33. Rd7 {[%emt 0:00:06]} d2 {[%emt 0:00:03]} 34. Rxd2 {[%emt 0:00:01]} h6 {[%emt 0:00:02]} 35. a6 {[%emt 0:00:02]} Rxe4 {[%emt 0:00:01]} 36. b7 {[%emt 0:00:01]} Ra4 {[%emt 0:00:01]} 37. Rd8+ {[%emt 0:00:02] oligodervz41 resigns (Lag: Av=1.93s, max=19.1s)} 1-0

[Event "Stay Safe Play From Home 186"]
[Site "T#646431Emanuel Laske"]
[Date "2020.05.29"]
[Round "6"]
[White "Tobo Rubirosa"]
[Black "Tunca"]
[Result "0-1"]
[WhiteElo "1677"]
[BlackElo "1718"]
[Annotator "NA RC"]
[PlyCount "68"]
[EventDate "2020.05.29"]
[EventType "swiss (blitz)"]

1. Nf3 {[%emt 0:00:04]} d6 {[%emt 0:00:04]} 2. d4 {[%emt 0:00:01]} g6 {[%emt 0:00:02]} 3. c4 {[%emt 0:00:01]} Bg7 {[%emt 0:00:04]} 4. Nc3 {[%emt 0:00:01]} Nd7 {[%emt 0:00:04]} 5. e4 {[%emt 0:00:01]} c5 {[%emt 0:00:02]} 6. Be2 {[%emt 0:00:05]} Ngf6 {[%emt 0:00:04]} 7. d5 {[%emt 0:00:02]} O-O {[%emt 0:00:04]} 8. O-O {[%emt 0:00:01]} a6 {[%emt 0:00:06]} 9. a4 {[%emt 0:00:03]} Re8 {[%emt 0:00:13]} 10. h3 {[%emt 0:00:03]} Qc7 {[%emt 0:00:01]} 11. Bf4 {[%emt 0:00:03]} Nh5 {[%emt 0:00:06]} 12. Bh2 {[%emt 0:00:02]} b6 {[%emt 0:00:09]} 13. Nd2 {[%emt 0:00:09]} Nhf6 {[%emt 0:00:02]} 14. f4 {[%emt 0:00:04]} e6 {[%emt 0:00:03]} 15. e5 {[%emt 0:00:16]} exd5 {[%emt 0:00:05]} 16. exf6 {[%emt 0:00:03]} Nxf6 {[%emt 0:00:03]} 17. Nxd5 {[%emt 0:00:05]} Nxd5 {[%emt 0:00:02]} 18. cxd5 {[%emt 0:00:01]} Bxb2 {[%emt 0:00:00]} 19. Rb1 {[%emt 0:00:05]} Bd4+ {[%emt 0:00:00]} 20. Kh1 {[%emt 0:00:03]} Bf5 {[%emt 0:00:01]} 21. Rb3 {[%emt 0:00:10]} Re7 {[%emt 0:00:05]} 22. Nf3 {[%emt 0:00:13]} Bf6 {[%emt 0:00:06]} 23. Bd3 {[%emt 0:00:02]} Bxd3 {[%emt 0:00:05]} 24. Rxd3 {[%emt 0:00:05]} Rae8 {[%emt 0:00:00]} 25. Re1 {[%emt 0:00:06]} b5 {[%emt 0:00:02]} 26. axb5 {[%emt 0:00:32]} axb5 {[%emt 0:00:00]} 27. Rxe7 {[%emt 0:00:02]} Rxe7 {[%emt 0:00:00]} 28. Ng5 {[%emt 0:00:04]} Qa5 {[%emt 0:00:08]} 29. Bg3 {[%emt 0:00:06]} c4 {[%emt 0:00:05]} 30. Rf3 {[%emt 0:00:05]} b4 {[%emt 0:00:06]} 31. Rf1 {[%emt 0:00:04]} b3 {[%emt 0:00:05]} 32. Re1 {[%emt 0:00:03]} Rxe1+ {[%emt 0:00:07]} 33. Bxe1 {[%emt 0:00:01]} Qa2 {[%emt 0:00:06]} 34. Qe2 {[%emt 0:00:08]} Qxe2 {[%emt 0:00:02] Tobo Rubirosa rinde (Lag: Av=0.56s, max=1.1s)} 0-1

[Event "Stay Safe Play From Home 186"]
[Site "T#646431Emanuel Laske"]
[Date "2020.05.29"]
[Round "6"]
[White "W Nelles"]
[Black "Timbre"]
[Result "0-1"]
[WhiteElo "1282"]
[BlackElo "1661"]
[Annotator "NA RC"]
[PlyCount "67"]
[EventDate "2020.05.29"]
[EventType "swiss (blitz)"]

1. e4 {[%emt 0:00:01]} c6 {[%emt 0:00:02]} 2. Nf3 {[%emt 0:00:01]} d5 {[%emt 0:00:01]} 3. e5 {[%emt 0:00:02]} Bf5 {[%emt 0:00:02]} 4. c3 {[%emt 0:00:01]} e6 {[%emt 0:00:01]} 5. Nd4 {[%emt 0:00:02]} Bg6 {[%emt 0:00:03]} 6. Be2 {[%emt 0:00:07]} c5 {[%emt 0:00:02]} 7. Nb5 {[%emt 0:00:04]} Nc6 {[%emt 0:00:02]} 8. f4 {[%emt 0:00:03]} a6 {[%emt 0:00:05]} 9. N5a3 {[%emt 0:00:04]} c4 {[%emt 0:00:03]} 10. O-O {[%emt 0:00:04]} Nge7 {[%emt 0:00:02]} 11. Kh1 {[%emt 0:00:03]} Nf5 {[%emt 0:00:02]} 12. d4 {[%emt 0:00:04]} Be7 {[%emt 0:00:05]} 13. Nd2 {[%emt 0:00:04]} Ne3 {[%emt 0:00:03]} 14. Qa4 {[%emt 0:00:05]} Nxf1 {[%emt 0:00:04]} 15. Bxf1 {[%emt 0:00:02]} O-O {[%emt 0:00:01]} 16. Nf3 {[%emt 0:00:02]} Be4 {[%emt 0:00:03]} 17. b4 {[%emt 0:00:05]} cxb3 {[%emt 0:00:03]} 18. axb3 {[%emt 0:00:02]} Bxf3 {[%emt 0:00:02]} 19. gxf3 {[%emt 0:00:02]} f6 {[%emt 0:00:01]} 20. c4 {[%emt 0:00:06]} fxe5 {[%emt 0:00:03]} 21. dxe5 {[%emt 0:00:04]} dxc4 {[%emt 0:00:05]} 22. Bxc4 {[%emt 0:00:03]} Qd7 {[%emt 0:00:18]} 23. Be3 {[%emt 0:00:08]} Kh8 {[%emt 0:00:01]} 24. Rg1 {[%emt 0:00:06]} Rad8 {[%emt 0:00:04]} 25. Bb6 {[%emt 0:00:03]} Rc8 {[%emt 0:00:05]} 26. Nc2 {[%emt 0:00:04]} Bd8 {[%emt 0:00:12]} 27. Be3 {[%emt 0:00:12]} b5 {[%emt 0:00:02]} 28. Qb4 {[%emt 0:00:05]} Nxb4 {[%emt 0:00:05]} 29. Nxb4 {[%emt 0:00:02]} bxc4 {[%emt 0:00:01]} 30. bxc4 {[%emt 0:00:06]} Rxc4 {[%emt 0:00:02]} 31. Nxa6 {[%emt 0:00:01]} Rcxf4 {[%emt 0:00:10]} 32. Bxf4 {[%emt 0:00:04]} Rxf4 {[%emt 0:00:02]} 33. Nc5 {[%emt 0:00:01]} Qc6 {[%emt 0:00:05]} 34. Nd3 {[%emt 0:00:08] W Nelles gibt auf (Lag: Av=0.63s, max=1.3s)} 0-1

[Event "Stay Safe Play From Home 186"]
[Site "T#646431Emanuel Laske"]
[Date "2020.05.29"]
[Round "7"]
[White "Lamborghini"]
[Black "Lazieri3"]
[Result "1-0"]
[WhiteElo "2221"]
[BlackElo "2010"]
[Annotator "TA"]
[PlyCount "67"]
[EventDate "2020.05.29"]
[EventType "swiss (blitz)"]

{[%evp 14,67,15,12,87,84,78,75,74,72,77,77,171,118,214,174,223,91,413,287,365,337,447,443,629,597,545,527,506,465,783,450,785,781,785,784,779,767,740,748,701,583,618,624,679,679,679,679,1192,985,1159,1095,1664,1072,29985,29986]} 1. e4 c6 2. d4 d5 3. Nc3 dxe4 4. Nxe4 Nd7 5. Ng5 Ngf6 6. Bd3 e6 7. N1f3 Bd6 8. Qe2 Nb6 {B17: Caro-Kann: Modern Line (4...Nd7).} (8... h6 $11 {remains equal.} 9. Ne4 Nxe4 10. Bxe4 Nf6) 9. Ne5 O-O 10. Bd2 Nbd5 {[#] White is better.} 11. c4 $146 ({Predecessor:} 11. c3 Qc7 12. f4 c5 13. dxc5 Bxc5 14. O-O-O a5 15. Kb1 a4 16. c4 Ne7 17. Ng4 {1-0 (50) Swati,G (2376)-Bekteshi,M (2023) Montreal 2006}) 11... Ne7 12. h4 h6 (12... b5 $16) 13. Ngf3 (13. g4 $18) 13... c5 {[#]} (13... b5 $16) 14. dxc5 $1 $18 Bxc5 {[#]} 15. Bc3 (15. g4 $1 $18 {is more deadly.}) 15... Bd7 $2 {[%mdl 8192] This move loses the game for Black.} (15... b5 $16) 16. O-O-O Qc7 17. g4 Bc6 18. g5 Nh5 (18... Nfd5 $142 19. cxd5 Nxd5) 19. gxh6 {Strongly threatening Ng5.} Nf4 20. Qc2 Nxd3+ 21. Qxd3 {Rhg1! is the strong threat.} Rad8 (21... Nf5 $142 22. Rhg1 Rfd8) 22. h7+ Kh8 {[#]} 23. Nxf7+ $1 {[%mdl 576] Deflection} Rxf7 24. Qxd8+ Qxd8 25. Rxd8+ Kxh7 26. Ng5+ {[%mdl 64] Double Attack} Kg6 27. Nxf7 Bxh1 28. Ne5+ Kf5 29. b4 Bb6 30. Rd7 Ng6 31. Nxg6 Kxg6 32. c5 Bc6 33. cxb6 Bxd7 34. bxa7 {Accuracy: White = 82%, Black = 30%.} 1-0

[Event "Stay Safe Play From Home 186"]
[Site "T#646431Emanuel Laske"]
[Date "2020.05.29"]
[Round "7"]
[White "Don59as"]
[Black "Little champs"]
[Result "1-0"]
[WhiteElo "2075"]
[BlackElo "2261"]
[Annotator "NA RC"]
[PlyCount "101"]
[EventDate "2020.05.29"]
[EventType "swiss (blitz)"]

1. c4 {[%emt 0:00:01]} e5 {[%emt 0:00:02]} 2. Nc3 {[%emt 0:00:08]} Nf6 {[%emt 0:00:07]} 3. e4 {[%emt 0:00:02]} Bb4 {[%emt 0:00:03]} 4. Nge2 {[%emt 0:00:01]} d6 {[%emt 0:00:02]} 5. g3 {[%emt 0:00:01]} O-O {[%emt 0:00:01]} 6. Bg2 {[%emt 0:00:01]} c6 {[%emt 0:00:00]} 7. O-O {[%emt 0:00:01]} a6 {[%emt 0:00:00]} 8. b3 {[%emt 0:00:01]} Ba5 {[%emt 0:00:01]} 9. Bb2 {[%emt 0:00:01]} Ne8 {[%emt 0:00:02]} 10. d4 {[%emt 0:00:01]} exd4 {[%emt 0:00:01]} 11. Nxd4 {[%emt 0:00:00]} Bc7 {[%emt 0:00:01]} 12. h3 {[%emt 0:00:03]} Nd7 {[%emt 0:00:01]} 13. Rc1 {[%emt 0:00:03]} Ndf6 {[%emt 0:00:01]} 14. f4 {[%emt 0:00:03]} h6 {[%emt 0:00:05]} 15. g4 {[%emt 0:00:05]} Qe7 {[%emt 0:00:03]} 16. Re1 {[%emt 0:00:08]} Nh7 {[%emt 0:00:04]} 17. Qf3 {[%emt 0:00:09]} Qh4 {[%emt 0:00:26]} 18. Re2 {[%emt 0:00:20]} Nef6 {[%emt 0:00:01]} 19. Nf5 {[%emt 0:00:11]} Bxf5 {[%emt 0:00:04]} 20. exf5 {[%emt 0:00:03]} Rfe8 {[%emt 0:00:01]} 21. Rcc2 {[%emt 0:00:07]} d5 {[%emt 0:00:04]} 22. cxd5 {[%emt 0:00:06]} cxd5 {[%emt 0:00:02]} 23. Nxd5 {[%emt 0:00:05]} Nxd5 {[%emt 0:00:03]} 24. Qxd5 {[%emt 0:00:01]} Bxf4 {[%emt 0:00:06]} 25. Qd4 {[%emt 0:00:09]} Qg5 {[%emt 0:00:28]} 26. Kh1 {[%emt 0:00:11]} Be3 {[%emt 0:00:03]} 27. Qd5 {[%emt 0:00:10]} Rad8 {[%emt 0:00:02]} 28. Qf3 {[%emt 0:00:12]} Rd1+ {[%emt 0:00:01]} 29. Bf1 {[%emt 0:00:01]} h5 {[%emt 0:00:03]} 30. Kg2 {[%emt 0:00:02]} hxg4 {[%emt 0:00:02]} 31. Qxg4 {[%emt 0:00:01]} Qxg4+ {[%emt 0:00:02]} 32. hxg4 {[%emt 0:00:01]} Nf6 {[%emt 0:00:05]} 33. Bxf6 {[%emt 0:00:02]} gxf6 {[%emt 0:00:01]} 34. Rc3 {[%emt 0:00:01]} Rd2 {[%emt 0:00:05]} 35. Rcxe3 {[%emt 0:00:04]} Rxe2+ {[%emt 0:00:01]} 36. Rxe2 {[%emt 0:00:01]} Rc8 {[%emt 0:00:01]} 37. Kf2 {[%emt 0:00:02]} b5 {[%emt 0:00:01]} 38. Bg2 {[%emt 0:00:01]} Rc3 {[%emt 0:00:01]} 39. Bd5 {[%emt 0:00:01]} Kf8 {[%emt 0:00:02]} 40. Be4 {[%emt 0:00:02]} Rc1 {[%emt 0:00:05]} 41. Rc2 {[%emt 0:00:01]} Ra1 {[%emt 0:00:01]} 42. Ke3 {[%emt 0:00:03]} a5 {[%emt 0:00:01]} 43. Rc8+ {[%emt 0:00:03]} Ke7 {[%emt 0:00:01]} 44. Rc2 {[%emt 0:00:02]} Kd6 {[%emt 0:00:02]} 45. Bd3 {[%emt 0:00:01]} b4 {[%emt 0:00:03]} 46. Bc4 {[%emt 0:00:01]} Ke5 {[%emt 0:00:01]} 47. Rd2 {[%emt 0:00:01]} Re1+ {[%emt 0:00:01]} 48. Kf3 {[%emt 0:00:01]} Rf1+ {[%emt 0:00:18]} 49. Bxf1 {[%emt 0:00:02]} a4 {[%emt 0:00:03]} 50. Bc4 {[%emt 0:00:00]} axb3 {[%emt 0:00:01]} 51. Rd5# {[%emt 0:00:01] (Lag: Av=0.72s, max=1.6s)} 1-0

[Event "Stay Safe Play From Home 186"]
[Site "T#646431Emanuel Laske"]
[Date "2020.05.29"]
[Round "7"]
[White "Patzeroglu"]
[Black "Tobo Rubirosa"]
[Result "1-0"]
[WhiteElo "1962"]
[BlackElo "1662"]
[Annotator "TA"]
[PlyCount "101"]
[EventDate "2020.05.29"]
[EventType "swiss (blitz)"]

{[%evp 18,101,5,-14,8,0,15,-3,46,29,23,25,33,22,41,0,87,87,87,81,354,357,341,324,380,178,220,133,147,147,143,141,157,142,170,162,154,170,163,168,160,163,189,182,183,114,116,122,208,140,170,172,149,135,161,156,148,38,43,8,24,56,395,302,435,427,1391,477,440,422,791,750,802,995,1516,1514,5118,5106,5081,5097,29984,29985,29985,29986,29986,29987]} 1. e4 c5 2. Nf3 d6 3. d4 cxd4 4. Nxd4 Nf6 5. Nc3 a6 6. Bc4 e6 7. Bb3 b5 8. Be3 Be7 9. f3 O-O 10. Qd2 Qc7 {B87: Sicilian Scheveningen/Najdorf: 6 Bc4, with early ...b5.} 11. g4 Nc6 12. O-O-O Na5 {The position is equal.} 13. Kb1 (13. g5 $5 {[%cal Rg5f6]} Nh5 14. Kb1 $11) 13... Nxb3 14. axb3 {[#]} b4 $146 ({Predecessor:} 14... Bb7 15. h4 Nd7 16. g5 Rfb8 17. h5 b4 18. Na4 d5 19. g6 Nf8 20. gxf7+ Kxf7 {1-0 (69) Deshpande,A (1829)-Rahul,K (1565) Mumbai 2018}) 15. Na4 $1 $36 {[%mdl 2048] White is pushing.} Bd7 16. g5 Ne8 (16... Nh5 $11 {keeps the balance.}) 17. Qxb4 $16 Rb8 18. Qc3 Bxa4 $2 {[%mdl 8192] [#]} (18... Qb7 $16) 19. Qxc7 $18 Nxc7 20. bxa4 d5 21. Bf4 (21. Nc6 $142) 21... Rb7 22. Bxc7 Rxc7 23. exd5 exd5 24. h4 Rfc8 25. Rh2 Bd6 26. Re2 g6 27. Nb3 Bg3 28. Rxd5 Bxh4 29. c3 Kg7 30. Kc2 Rc4 31. Re4 (31. a5 $18) 31... Rxe4 $16 32. fxe4 {[%mdl 4096] Endgame KRB-KRN} Re8 (32... f6 $16 {was necessary.}) 33. Kd3 Rb8 34. Kc4 Rc8+ 35. Rc5 Rxc5+ 36. Nxc5 ({Worse is} 36. Kxc5 Bxg5 37. Kc4 h5 $17) 36... Bxg5 {[#]} 37. Nxa6 {KB-KN} (37. Kd3 $1 $16) 37... h5 $1 $14 {[%cal Rh5h4] ...h4 is the strong threat.} 38. Kd3 {aiming for Nb4.} (38. Nc5 {is interesting.} h4 39. a5 h3 40. a6 h2 41. a7) 38... h4 {Hoping for ...h3.} 39. Ke2 $1 {[%cal Re2f3] Strongly threatening Kf3.} Kf6 $2 {[%mdl 8192]} (39... h3 $14 40. Kf2 Bf4) 40. Nb4 $18 Ke5 (40... h3 {was worth a try.} 41. Kf3 Bh4) 41. Kf3 Bd8 (41... Kd6 $142 42. Nd3 Bd2) 42. Nd3+ (42. Nc6+ $142 Kd6 43. Nxd8) 42... Kd6 43. c4 g5 (43... Kc7 $142 44. b4 Kb7) 44. b4 {[%cal Bb2b4,Bb4b5][%mdl 32]} h3 45. c5+ Kc6 46. Kg3 Be7 47. b5+ Kb7 48. Kxh3 Bxc5 49. Nxc5+ {White mates.} Kb6 50. Nb3 Kc7 51. Kg4 {Accuracy: White = 65%, Black = 37%.} 1-0

[Event "Stay Safe Play From Home 186"]
[Site "T#646431Emanuel Laske"]
[Date "2020.05.29"]
[Round "7"]
[White "Tunca"]
[Black "Archi-ak"]
[Result "0-1"]
[WhiteElo "1733"]
[BlackElo "1882"]
[Annotator "NA RC"]
[PlyCount "68"]
[EventDate "2020.05.29"]
[EventType "swiss (blitz)"]

1. e4 {[%emt 0:00:02]} c5 {[%emt 0:00:01]} 2. Nf3 {[%emt 0:00:01]} d6 {[%emt 0:00:01]} 3. d4 {[%emt 0:00:00]} cxd4 {[%emt 0:00:00]} 4. Nxd4 {[%emt 0:00:01]} Nf6 {[%emt 0:00:00]} 5. Nc3 {[%emt 0:00:01]} a6 {[%emt 0:00:00]} 6. Be2 {[%emt 0:00:01]} e5 {[%emt 0:00:01]} 7. Nb3 {[%emt 0:00:02]} Be6 {[%emt 0:00:00]} 8. Be3 {[%emt 0:00:01]} Be7 {[%emt 0:00:00]} 9. Qd2 {[%emt 0:00:00]} Nbd7 {[%emt 0:00:02]} 10. O-O {[%emt 0:00:00]} O-O {[%emt 0:00:02]} 11. f4 {[%emt 0:00:01]} exf4 {[%emt 0:00:01]} 12. Bxf4 {[%emt 0:00:00]} Ne5 {[%emt 0:00:00]} 13. Kh1 {[%emt 0:00:02]} Qc7 {[%emt 0:00:01]} 14. Bg5 {[%emt 0:00:09]} b5 {[%emt 0:00:02]} 15. Bxf6 {[%emt 0:00:03]} Bxf6 {[%emt 0:00:00]} 16. Rxf6 {[%emt 0:00:11]} gxf6 {[%emt 0:00:00]} 17. Rf1 {[%emt 0:00:02]} Qe7 {[%emt 0:00:08]} 18. Qh6 {[%emt 0:00:03]} Ng6 {[%emt 0:00:06]} 19. Nd4 {[%emt 0:00:11]} Rfe8 {[%emt 0:00:02]} 20. Bd3 {[%emt 0:00:05]} Qf8 {[%emt 0:00:01]} 21. Qh5 {[%emt 0:00:05]} Qg7 {[%emt 0:00:01]} 22. Rf3 {[%emt 0:00:08]} Kh8 {[%emt 0:00:02]} 23. Rg3 {[%emt 0:00:08]} Rg8 {[%emt 0:00:14]} 24. Nf5 {[%emt 0:00:20]} Bxf5 {[%emt 0:00:02]} 25. exf5 {[%emt 0:00:00]} Nf4 {[%emt 0:00:01]} 26. Qf3 {[%emt 0:00:08]} Qh6 {[%emt 0:00:04]} 27. Ne4 {[%emt 0:00:11]} Rxg3 {[%emt 0:00:03]} 28. Nxg3 {[%emt 0:00:04]} Rg8 {[%emt 0:00:02]} 29. Be4 {[%emt 0:00:03]} d5 {[%emt 0:00:05]} 30. Bd3 {[%emt 0:00:15]} Nxd3 {[%emt 0:00:02]} 31. Qxd3 {[%emt 0:00:14]} Qc1+ {[%emt 0:00:02]} 32. Qf1 {[%emt 0:00:01]} Qxf1+ {[%emt 0:00:02]} 33. Nxf1 {[%emt 0:00:02]} Re8 {[%emt 0:00:02]} 34. Kg1 {[%emt 0:00:02]} Re2 {[%emt 0:00:02] Tunca resigns (Lag: Av=0.77s, max=3.1s)} 0-1

[Event "Stay Safe Play From Home 186"]
[Site "T#646431Emanuel Laske"]
[Date "2020.05.29"]
[Round "7"]
[White "Timbre"]
[Black "Weltszmerc"]
[Result "0-1"]
[WhiteElo "1665"]
[BlackElo "2037"]
[Annotator "TA"]
[PlyCount "102"]
[EventDate "2020.05.29"]
[EventType "swiss (blitz)"]

{[%evp 10,102,18,1,13,9,18,-2,42,15,47,25,45,24,85,0,44,0,42,26,57,0,27,18,22,16,37,15,21,41,152,161,136,0,0,-104,-79,-155,-153,-150,-101,-340,-225,-245,-137,-216,-141,-122,-104,-185,-140,-246,-72,-84,-71,-68,-48,-70,324,-108,-103,-120,-87,-178,-179,-210,-203,-682,-657,-1176,-637,-29973,-29961,-5718,-5273,-29992,-29985,-29988,-29976,-5614,-5273,-29994,-29995,-29995,-29994,-29994,-29995,-29995,-29990,-29997,-29998,-29998,-29995,-29995,-29996]} 1. d4 Nf6 2. Nf3 b6 3. c4 Bb7 4. Nc3 e6 5. Bf4 Be7 6. e3 O-O {E12: Queen's Indian: Unusual White 4th moves, 4 a3, 4 Nc3 Bb7 5 a3 and 4 Nc3 Bb7 .} 7. Be2 d6 8. O-O Nbd7 {The position is equal.} 9. a3 {[#]} a5 $146 ({Predecessor:} 9... Rc8 10. b4 h6 11. Qc2 Nh5 12. Bg3 Nxg3 13. fxg3 Nf6 14. Nd2 c5 15. bxc5 dxc5 {0-1 (45) Chilton,J (1728)-Ross,S (1599) Basingstoke 2019}) 10. Qc2 Re8 11. Rad1 Bf8 (11... Nh5 $1 $11) 12. Qb3 (12. e4 $16) 12... Qc8 13. h3 h6 14. Bg3 e5 15. dxe5 (15. Nd2 $14) 15... Nxe5 16. Nxe5 dxe5 17. Nd5 Ne4 18. Bf3 Nxg3 19. fxg3 e4 (19... Bc5 $1 $14) 20. Bg4 $1 $16 {[%cal Rg4c8]} Qb8 21. Nf4 (21. Bh5 $16 Bxd5 22. cxd5) 21... Bc5 22. Nd5 (22. Nh5 $11 {keeps the balance.} Re7 23. Qc3) 22... a4 23. Qc2 ({White should try} 23. Qc3) 23... c6 $1 $17 {[%csl LRd5,LRg3]} 24. Nf4 Qe5 25. b3 $2 (25. Qd2 $17) 25... Bxe3+ 26. Kh2 Bc5 (26... axb3 $19 27. Qxb3 Bc5) 27. bxa4 (27. b4 $17 Bd6 28. Qf2) 27... Bxa3 28. Rd7 Re7 {Hoping for ...Rxd7.} 29. Rxe7 (29. Rfd1 $17) 29... Qxe7 30. Qe2 (30. Nh5 $17) 30... c5 $2 ({Don't take} 30... Rxa4 31. Re1) (30... Rd8 $19 {has better winning chances. Threatens to win with ...Rd4.} 31. Bf5 Re8) 31. Nd5 Bxd5 32. cxd5 Rd8 33. Qc4 {Black must now prevent Rxf7!} Bb4 $2 {[%mdl 8192] [#]} (33... Qd6 $15 {keeps the upper hand.}) 34. Bf5 $2 (34. Rxf7 $1 $18 {[%mdl 512]} Qd6 (34... Qxf7 35. Be6) 35. Be6) 34... e3 $36 {[%mdl 2048] And now ...e2 would win. Black has strong initiative.} 35. Bg4 {With the idea Rxf7.} Rd6 36. Qa6 (36. Rf4 $17 {might work better.}) 36... Rxd5 $19 37. Qc8+ Rd8 38. Qc6 $2 (38. Qa6) 38... e2 39. Rxf7 Qxf7 40. Be6 e1=Q 41. Bxf7+ Kxf7 42. Qxb6 Qe7 43. a5 Rd6 44. Qb5 Be1 45. a6 {[#]} Bxg3+ $1 {Black mates.} 46. Kxg3 Qe5+ 47. Kf2 Rd2+ 48. Kg1 Rd1+ 49. Kf2 Qf4+ 50. Ke2 Qf1+ 51. Ke3 Qxb5 {Quite a comeback for Black. Accuracy: White = 35%, Black = 34%.} 0-1